Au the Devils Are Here: The Hidden History of Financial Crisis (Record no. 4229)

MARC details
000 -LEADER
fixed length control field 00422nam a22001457a 4500
008 - FIXED-LENGTH DATA ELEMENTS--GENERAL INFORMATION
fixed length control field 250709b |||||||| |||| 00| 0 eng d
020 ## - INTERNATIONAL STANDARD BOOK NUMBER
ISBN 9780670920372
100 ## - MAIN ENTRY--AUTHOR
Author Mclean Bethany
245 ## - TITLE STATEMENT
Title Au the Devils Are Here: The Hidden History of Financial Crisis
260 ## - PUBLICATION, DISTRIBUTION, ETC. (IMPRINT)
Place of publication N.P
Name of publisher Penguin Groups
Date of publication 2010
300 ## - COLLATION
Pagination xviii, 380p.
Other physical details ill.
650 ## - TRACINGS
Main Subject Global Financial Crisis, 2008-2009
942 ## - ADDED ENTRY ELEMENTS (KOHA)
Item type Books
050 ## - LIBRARY OF CONGRESS CALL NUMBER
Classification number HB3717
Item number .M35
Holdings
Source of classification or shelving scheme Not for loan Permanent location Current location Date acquired Accession No. Full call number Barcode. Koha item type
Library of Congress Classification   Samuel Ogbemudia Main Library, University of Abuja Samuel Ogbemudia Main Library, University of Abuja 07/09/2025 2025/65223 HB3717.M35 2025-2978 Books